000
00242nam a22000857a 4500
008
160816b xxu||||| |||| 00| 0 eng d
100
_9
136
_a
Manchanda R.P
245
_a
Together with Chemistry Solution-XI
260
_a
New Delhi
_b
R.S publication
_c
2002
999
_c
2791
_d
2791